000
00261 a2200097 4500
082
_a
625.85 ASP
100
_a
Asphalt Institute
245
_a
The Asphalt Handbook/
_c
Asphalt Institute
260
_a
USA :
_b
Asphalt institute,
_c
1989
300
_a
xxxi, 607p. :
_b
ill. ;
_c
23 cm
650
_a
Asphalt
999
_c
1543
_d
1543